Rules governing granting and issuing of passports in U.S.

Bibliographic Details
Corporate Author: United States. Department of State
Format: Government Document eBook
Language:English
Published: Washington : U.S. GPO, 1920-1927.
Subjects:
Online Access:Connect to the full text of this electronic document
Connect to the full text of this electronic document
Connect to the full text of this electronic document

MARC

Tag First Indicator Second Indicator Subfields
LEADER 00000cam a22000001a 4500
001 in00003756821
005 20190409170716.0
006 m o d f
007 cr bn mmmapmmp
008 040322m19201927dcu o f000 0 eng d
035 |a ebd1910705114 
040 |a UMI  |c UMI  |d UtOrBLW 
086 0 |a S 1.2:P 26/8 
086 0 |a S 1.2:P 26/8/926 
086 0 |a S 1.2:P 26/8/926-corr. 
099 |a S1.2-183 
099 |a S1.2-184.1 
099 |a S1.2-184.2 
245 0 0 |a Rules governing granting and issuing of passports in U.S. 
264 1 |a Washington :  |b U.S. GPO,  |c 1920-1927. 
300 |a 1 online resource (volume) 
336 |a text  |b txt  |2 rdacontent 
337 |a computer  |b c  |2 rdamedia 
338 |a online resource  |b cr  |2 rdacarrier 
500 |a [text; with excerpts of related laws]. 
500 |a Record is based on bibliographic data in ProQuest U.S. Executive Branch Documents, 1910-1932. Reuse except for individual research requires license from ProQuest, LLC. 
533 |a Electronic reproduction.  |b [Bethesda, Md.] :  |c ProQuest,  |d 2012.  |e digital, PDF file.  |n ProQuest U.S. Executive Branch Documents, 1910-1932.  |n Mode of access: World Wide Web via ProQuest website. 
538 |a System requirements: PDF reader software. 
500 |a Electronic resource. 
610 1 0 |a United States.  |b Department of State.  |0 http://id.loc.gov/authorities/names/n80126198 
650 0 |a Executive orders.  |0 http://id.loc.gov/authorities/subjects/sh85046285 
650 0 |a Passports.  |0 http://id.loc.gov/authorities/subjects/sh85098541 
655 7 |a Electronic books.  |2 local 
710 1 |a United States.  |b Department of State.  |0 http://id.loc.gov/authorities/names/n80126198 
776 1 8 |i Microfiche version:  |t Rules governing granting and issuing of passports in U.S.  |o CIS US Exec MF S1.2-183  |o CIS US Exec MF S1.2-184.1  |o CIS US Exec MF S1.2-184.2  |w (ProQuest)cis19173185 
856 4 0 |u http://proxy.library.tamu.edu/login?url=http://congressional.proquest.com/congressional/docview/t66.d71.s1.2-183  |z Connect to the full text of this electronic document  |t 0 
856 4 0 |u http://proxy.library.tamu.edu/login?url=http://congressional.proquest.com/congressional/docview/t66.d71.s1.2-184.1  |z Connect to the full text of this electronic document  |t 0 
856 4 0 |u http://proxy.library.tamu.edu/login?url=http://congressional.proquest.com/congressional/docview/t66.d71.s1.2-184.2  |z Connect to the full text of this electronic document  |t 0 
999 f f |s 6ec7b7d0-9553-362b-8d00-9e0c1cb15566  |i 73db5687-a21c-3fbc-88d9-642fec5f7691  |t 0 
952 f f |a Texas A&M University  |b College Station  |c Electronic Resources  |d Available Online  |t 0  |h No information provided 
998 f f |t 0  |l Available Online